Top 10 Występów, Bramek oraz Asyst - FC Barcelona - Statystyki

Ogólne statystyki
  • Ten quiz został rozwiązany 305 razy
  • Średni wynik to 17 z 30
Statystyki odpowiedzi
Kraj Liczba Piłkarz % Poprawnych
Występy 778 Lionel Messi
100%
Bramki 672 Lionel Messi
100%
Asysty 303 Lionel Messi
100%
Bramki 195 Luis Suarez
94%
Asysty 113 Luis Suarez
94%
Występy 674 Andres Iniesta
91%
Asysty 135 Andres Iniesta
91%
Asysty 76 Neymar Jr.
89%
Występy 767 Xavi
88%
Asysty 184 Xavi
88%
Występy 593 Carles Puyol
71%
Występy 616 Gerard Pique
71%
Bramki 130 Samuel Eto`o
71%
Występy 722 Sergio Busquets
71%
Asysty 69 Ronaldinho
67%
Występy 459 Jordi Alba
65%
Asysty 99 Jordi Alba
65%
Asysty 88 Luis Figo
54%
Występy 536 Victor Valdes
52%
Asysty 105 Dani Alves
50%
Asysty 61 Pedro
46%
Bramki 130 Rivaldo
41%
Bramki 122 Patrick Kluivert
26%
Bramki 193 Laszlo Kubala
16%
Bramki 226 Cesar Rodriguez
6%
Występy 449 Carles Rexach
3%
Bramki 122 Carles Rexach
3%
Bramki 129 Mariano Martin
3%
Występy 550 Migueli
3%
Bramki 120 Josep Escola
2%
Nie znaleziono quizów pasujących do podanych kryteriów
Rozkład punktacji
Procent ludzi z każdym wynikiem
Percentyl według liczby udzielonych odpowiedzi
Twoja historia wyników
Nie rozwiązałeś tego quizu